'L' Food Pictures Quiz Stats

Quiz Updated May 7, 2015

Also try: 'R' Food Pictures
Challenge
Share
Tweet
Score 0/16 Timer 05:00
2 Plays Today
Column Food % Correct
Limes
99.4%
Lemons
99.3%
Lobster Tail
98%
Lollipop
98%
Lasagna
94.5%
Lettuce
93%
Licorice
90.7%
Latte
90%
Column Food % Correct
Lamb Chops
86.2%
Lima Beans
84.8%
Leek
76.5%
Lentils
69.4%
Lychee Nut
46.3%
Ladyfingers
41.8%
Lo Mein
39.8%
Liverwurst
33.9%

You're not logged in!

Compare scores with friends on all Sporcle quizzes.
Sign Up with Email
OR
Log In

You Might Also Like...

Show Comments

Extras

Top Quizzes Today


Score Distribution

Your Account Isn't Verified!

In order to create a playlist on Sporcle, you need to verify the email address you used during registration. Go to your Sporcle Settings to finish the process.